<?xml version="1.0" encoding="UTF-8"?>
<record
    xmlns:xsi="http://www.w3.org/2001/XMLSchema-instance"
    xsi:schemaLocation="http://www.loc.gov/MARC21/slim http://www.loc.gov/standards/marcxml/schema/MARC21slim.xsd"
    xmlns="http://www.loc.gov/MARC21/slim">

  <leader>01790    a2200217   4500</leader>
  <controlfield tag="001">47190</controlfield>
  <controlfield tag="005">20260407155740.0</controlfield>
  <controlfield tag="008">260407a1973    arg                 spa d</controlfield>
  <controlfield tag="003">AR-UNSa-BCEJYS</controlfield>
  <datafield tag="040" ind1=" " ind2=" ">
    <subfield code="a">AR-UNSa-BCEJYS</subfield>
    <subfield code="b">spa</subfield>
    <subfield code="c">AR-UNSa-BCEJYS</subfield>
  </datafield>
  <datafield tag="080" ind1=" " ind2=" ">
    <subfield code="a">330(82)</subfield>
    <subfield code="x">Economia Argentina</subfield>
  </datafield>
  <datafield tag="245" ind1="1" ind2="0">
    <subfield code="a">La Econom&#xED;a Argentina</subfield>
    <subfield code="p">las etapas de su desarrollo y problemas actuales</subfield>
  </datafield>
  <datafield tag="250" ind1=" " ind2=" ">
    <subfield code="a">7a. ed.</subfield>
  </datafield>
  <datafield tag="264" ind1=" " ind2="1">
    <subfield code="a">Buenos Aires :</subfield>
    <subfield code="b">Fondo de Cultura Econ&#xF3;mica</subfield>
    <subfield code="c">1973</subfield>
  </datafield>
  <datafield tag="300" ind1=" " ind2=" ">
    <subfield code="a">284 p.</subfield>
    <subfield code="c">21 cm.</subfield>
  </datafield>
  <datafield tag="505" ind1=" " ind2=" ">
    <subfield code="a">Parte I: Las econom&#xED;as regionales de subsistencia: 1. El comercio como factor de disoluci&#xF3;n del orden feudal - 2. Formaci&#xF3;n de la econom&#xED;a colonial americana - 3. Las econom&#xED;as regionales de subsistencia del actual territorio argentino - 4. Estructura y din&#xE1;mica del sistema -- Parte II: La etapa de transici&#xF3;n: 5. El puerto de Buenos Aires como intermediario comercial - 6. Expansi&#xF3;n de la ganader&#xED;a - 7. El desarrollo del Litoral - 8. El estancamiento del Interior --  Parte III: La econom&#xED;a  primaria exportadora: 9. El progreso t&#xE9;cnico y la integraci&#xF3;n de la econom&#xED;a mundial - 10. Factores condicionales y expansi&#xF3;n agropecuaria - 11. Estructura y din&#xE1;mica del sistema - 12. Quiebra del equilibrio interregional -- Parte IV: La econom&#xED;a semi-industrial dependiente: 13. La econom&#xED;a mundial a partir de 1930 - 14. Las nuevas condiciones del desarrollo - 15. Desarrollo del sistema y sus l&#xED;mites - 16. Consolidaci&#xF3;n del desequilibrio interregional - 17. La pol&#xED;tica econ&#xF3;mica a partir de 1930 -- Parte V: 18. Formaci&#xF3;n de la econom&#xED;a industrial avanzada.</subfield>
  </datafield>
  <datafield tag="942" ind1=" " ind2=" ">
    <subfield code="c">BK</subfield>
  </datafield>
  <datafield tag="590" ind1=" " ind2=" ">
    <subfield code="a">niveau_biblio:m niveau_hierar:0</subfield>
  </datafield>
  <datafield tag="100" ind1="1" ind2=" ">
    <subfield code="a">Ferrer, Aldo</subfield>
  </datafield>
  <datafield tag="856" ind1="4" ind2="1">
    <subfield code="u">https://www.biblioeco.unsa.edu.ar/pmb/images/libros/L127425.jpg</subfield>
    <subfield code="y">Imagen de portada</subfield>
    <subfield code="q">image/jpeg</subfield>
  </datafield>
  <datafield tag="999" ind1=" " ind2=" ">
    <subfield code="c">4313</subfield>
    <subfield code="d">4313</subfield>
  </datafield>
  <datafield tag="952" ind1=" " ind2=" ">
    <subfield code="0">0</subfield>
    <subfield code="1">0</subfield>
    <subfield code="4">0</subfield>
    <subfield code="7">0</subfield>
    <subfield code="a">BCEJYS</subfield>
    <subfield code="b">BCEJYS</subfield>
    <subfield code="c">16</subfield>
    <subfield code="d">2026-04-07</subfield>
    <subfield code="l">0</subfield>
    <subfield code="o">330(82) F382 8ed.</subfield>
    <subfield code="p">L127425</subfield>
    <subfield code="r">2026-04-07 15:57:40</subfield>
    <subfield code="w">2026-04-07</subfield>
    <subfield code="y">L</subfield>
  </datafield>
</record>
